000 00345nam a2200133Ia 4500
008 150201s2008 xx 000 0 und d
082 _a610.7
_bM08W
100 _aWHO
245 _aHIV /AIDS CARE & TREATMENT FOR PEOPLE WHO INJECTS
250 _aIST
260 _bWHO
_aUBS
_c2008
650 _aOTHER CLINICAL & NON CLINICAL BOOKS
942 _2ddc
_cBK
999 _c461
_d461